Score 0/10 Timer 01:00
0 Plays Today
% Correct
United Arab Emirates
93.5%
Iceland
84.2%
Greece
83.8%
Canada
81.4%
Haiti
79.1%
South Africa
71.2%
Poland
70.3%
Myanmar
65.9%
Niger
45.3%
Senegal
44.2%

Today's Daily Dose

Missing Word
Purple Things

Word Ladder
Bell-Bottoms

Get the Picture
The Beatles Albums

You're not logged in!

Compare scores with friends on all Sporcle quizzes.
OR
Log In

Sporcle TV

Today on Sporcle TV


Watch our educational content, quiz creation guides, and fun videos on Sporcle TV.

Show Comments

Extras

Top Quizzes Today


Score Distribution

Paid Content

Your Account Isn't Verified!

In order to create a playlist on Sporcle, you need to verify the email address you used during registration. Go to your Sporcle Settings to finish the process.

Report this User

Report this user for behavior that violates our Community Guidelines.

Details: